Stararchiteckten und Philatelie (Star Architects and Philately (Record no. 3270)

000 -LEADER
fixed length control field 00334nam a22000977a 4500
008 - FIXED-LENGTH DATA ELEMENTS--GENERAL INFORMATION
fixed length control field 220110b ||||| |||| 00| 0 eng d
100 ## - MAIN ENTRY--AUTHOR'S NAME
Author's Name Joraschek, Josef
245 ## - TITLE STATEMENT
Title Stararchiteckten und Philatelie (Star Architects and Philately
Remainder of title Kunst im Gross- u. Kleinformat
260 ## - PUBLICATION, DISTRIBUTION, ETC. (IMPRINT)
Name of publisher, distributor, etc. Deutsche Post
Date of publication, distribution, etc. 2007
650 ## - TOPICAL TERM (Tag)
Topical term or geographic name Topical; Architecture; Germany
Holdings
Withdrawn status Lost status Source of classification or shelving scheme Damaged status Koha normalized classification for sorting Not for loan Collection code Permanent Location Current Location Shelving location Date acquired Total Checkouts Full call number Barcode Date last seen Copy number Price effective from Koha item type
        G3201 T674 J821   Rudi Anders Northern Philatelic Library Northern Philatelic Library General Stacks 01/10/2022   G3201 T674 J821 1005717 01/10/2022 1 01/10/2022 Books

Powered by Koha